Statistics for countries with moon crescents in their flags

Click here to take the quiz!

General Stats

  • This quiz has been taken 104 times
  • The average score is 9 of 14

Answer Stats

HintAnswer% Correct
Turkey
91%
Algeria
85%
Tunisia
79%
Pakistan
77%
Uzebekistan
74%
Libyan Republic
72%
Turkmenistan
67%
Azerbaijan
60%
Nepal
60%
Maldives
59%
Malaysia
57%
The Comoros
50%
Mauritania
46%
Singapore
44%

Score Distribution

Percentile by Number Answered

Percent of People with Each Score

Your Score History

You have not taken this quiz